Language Quiz

Random Language Quiz

Stop! In the Name of Language Quiz Stats

 Plays Quiz Updated Mar 30, 2012

Challenge
Share
Tweet
Score 0/16 Timer 03:00
0 Plays Today
Language % Correct
English
97.6%
Japanese
82.1%
German/Dutch
81.2%
Arabic
80.2%
Chinese
72.5%
French
66.8%
Italian
63.6%
Spanish
61.1%
Language % Correct
Korean
58.4%
Russian
57%
Greek
53%
Portuguese
37.1%
Swedish
32.3%
Hebrew
31.1%
Latin
7.9%
Turkish
7.5%

You're not logged in!

Compare scores with friends on all Sporcle quizzes.
Join for Free
OR
Log In

You Might Also Like...

Show Comments

Extras

Top Quizzes Today


Score Distribution

Your Account Isn't Verified!

In order to create a playlist on Sporcle, you need to verify the email address you used during registration. Go to your Sporcle Settings to finish the process.

Report this User

Report this user for behavior that violates our Community Guidelines.

Details: